000 00587nam a2200229Ia 4500
003 0100
008 130227s9999 xx 000 0 und d
020 _a9780521055420
040 _cARRUPELIB
050 _aPR9408.M36C4Z56
100 _aDavis, Gregson
245 _aAime Cesaire
260 _aCambridge
260 _bCambridge University Press
260 _C1997
300 _axvi
300 _b 208p 22cm
440 _aCambridge studies in African & Caribbean literature
650 _bIgnatious of Loyola St
650 _cJesuits- History- 16th century
942 _2lcc
_02
999 _c3966
_d3966